Vista normal
Vista MARC
Entrada Personal Name
Número de registros utilizados en: 1
001 - CONTROL NUMBER
- control field: 2826
003 - CONTROL NUMBER IDENTIFIER
- control field: OSt
005 - DATE AND TIME OF LATEST TRANSACTION
- control field: 20200408131448.0
008 - FIXED-LENGTH DATA ELEMENTS
- fixed length control field: 200408|| aca||aabn | a|a d
040 ## - CATALOGING SOURCE
- Original cataloging agency: OSt
- Transcribing agency: OSt
100 ## - HEADING--PERSONAL NAME
- Personal name: Velásquez, Fabio E.,
670 ## - SOURCE DATA FOUND
- Source citation: Work cat.: (OSt)5177: Medina, Medófilo, autor 2823, Nuevas formas de participación política / , 1996